Normal view
MARC view
Entry Meeting Name
001 - CONTROL NUMBER
- control field: 13297
003 - CONTROL NUMBER IDENTIFIER
- control field: ARRUPE
005 - DATE AND TIME OF LATEST TRANSACTION
- control field: 20141210145021.0
008 - FIXED-LENGTH DATA ELEMENTS
- fixed length control field: 141210|| aca||aabn | a|a d
040 ## - CATALOGING SOURCE
- Original cataloging agency: ARRUPE
- Transcribing agency: ARRUPE
111 ## - HEADING--MEETING NAME
- Meeting name or jurisdiction name as entry element: Standing Conference of National Voluntary Youth Organisations in Rhodesia.
670 ## - SOURCE DATA FOUND
- Source citation: Work cat.: (ARRUPE)0: The Bundu book of meteorology, wayfinding, and rock climbing., [1971]